Normal view
MARC view
Entry Topical Term
001 - CONTROL NUMBER
- control field: 15239
003 - CONTROL NUMBER IDENTIFIER
- control field: dpl
005 - DATE AND TIME OF LATEST TRANSACTION
- control field: 20100819150127.0
008 - FIXED-LENGTH DATA ELEMENTS
- fixed length control field: 100819|||a|||||| | ||| d
040 ## - CATALOGING SOURCE
- Original cataloging agency: dpl
- Transcribing agency: dpl
150 ## - HEADING--TOPICAL TERM
- Topical term or geographic name as entry element: Hindus-India-Correspondence
670 ## - SOURCE DATA FOUND
- Source citation: Work cat.: (dpl): Satprem 15237, Notebooks of an apocalypse /, 2009
670 ## - SOURCE DATA FOUND
- Source citation: Work cat.: (dpl): Satprem 15237, Notebooks of an apocalypse /, 2009
